Hutatma Ramprasad Bismil (Record no. 366195)

MARC details
000 -LEADER
fixed length control field 00437nam a22001697a 4500
005 - DATE AND TIME OF LATEST TRANSACTION
control field 20250505152446.0
008 - FIXED-LENGTH DATA ELEMENTS--GENERAL INFORMATION
fixed length control field 250505b |||||||| |||| 00| 0 eng d
041 ## - LANGUAGE CODE
Language code of text/sound track or separate title mar
082 ## - DEWEY DECIMAL CLASSIFICATION NUMBER
Classification number 891.46
Item number KUL B22639
100 ## - MAIN ENTRY--PERSONAL NAME
Author Kulkarni N
245 ## - TITLE STATEMENT
Title Hutatma Ramprasad Bismil
260 ## - PUBLICATION, DISTRIBUTION, ETC.
Place of publication, distribution, etc. Pune
Name of publisher, distributor, etc. Bharatiya Vichar Sadhana Prakashan
Date of publication, distribution, etc. 2024
300 ## - PHYSICAL DESCRIPTION
Extent 126p
500 ## - GENERAL NOTE
Keywords Marathi Literature
500 ## - GENERAL NOTE
Keywords Literature
942 ## - ADDED ENTRY ELEMENTS (KOHA)
Koha item type Books
Holdings
Withdrawn status Lost status Source of classification or shelving scheme Damaged status Not for loan Home library Current library Date acquired Vendor Net Price Bill number Total Checkouts Full call number Barcode Date last seen Discount Actual Price Bill Date Koha item type Original Barcode
    Dewey Decimal Classification     Smt. Hiraben Nanavati Institute of Management & Research for Women Smt. Hiraben Nanavati Institute of Management & Research for Women 18/03/2025 Bharatiya Vichar Sadhana Foundation 150.00 HO/IN/579   891.46 KUL B22639 HIMR-BK-22639 05/05/2025 30 105.00 11/03/2025 Books B22639